Music Quiz

Random Music or Lyrics Quiz
Score 0/297 Timer 10:00
0 Plays Today
% Correct
I
99%
I
99%
I
99%
I
99%
I
99%
I
99%
I
99%
I?
99%
I?
99%
I
99%
I've
99%
I
99%
I
99%
I
99%
I
99%
I
99%
[CHORUS]
99%
[CHORUS]
99%
a
97.6%
a
97.6%
a
97.6%
a
97.6%
be
97%
drunk
97%
be
97%
drunk
97%
drunk
97%
be
97%
be
97%
drunk
97%
be
97%
the
96.4%
the
96.4%
the
96.4%
the
96.4%
the
96.4%
the
96.4%
the
96.4%
the
96.4%
the
96.4%
the
96.4%
up
94.9%
up.
94.9%
up.
94.9%
when
94.7%
when
94.7%
'When
94.7%
when
94.7%
on
94.6%
on
94.6%
On
94.6%
of
94.5%
of
94.5%
of
94.5%
of
94.5%
of
94.5%
of
94.5%
wake
94.3%
wanna
94%
wanna
94%
right
93.2%
side
93.1%
bed,
92.8%
wrong
92.5%
an
92.5%
you
92%
you
92%
you
92%
you
92%
you
92%
you
92%
you
92%
you
92%
You
92%
you
92%
you
92%
you
92%
me,
91.1%
me
91.1%
me,
91.1%
me?'
91.1%
me
91.1%
me
91.1%
me
91.1%
to
90.1%
to.
90.1%
to
90.1%
to
90.1%
to
90.1%
to.
90.1%
to
90.1%
made
88.9%
made
88.9%
I'll
88.8%
I'll
88.8%
I'll
88.8%
I'll
88.8%
I'll
88.8%
I'll
88.8%
% Correct
I'll
88.8%
excuse
88.3%
never
88.2%
never
88.2%
never
88.2%
never
88.2%
never
88.2%
never
88.2%
Love
87.5%
love.
87.5%
love
87.5%
all.
87%
again.
87%
again.
87%
again
87%
All
87%
again.
87%
All
87%
All
87%
all
87%
and
86.9%
it
86.9%
it
86.9%
it
86.9%
it
86.9%
And
86.9%
it
86.9%
and
86.9%
get
84.9%
at
84.3%
at
84.3%
your
83.8%
your
83.8%
stronger
83.3%
makeup,
83%
kill
82.8%
make.
82.8%
maybe
82.6%
Maybe
82.6%
may
81.9%
so
81.7%
so
81.7%
like
81.5%
like
81.5%
like
81.5%
like
81.5%
like
81.5%
like
81.5%
like
81.5%
my
81.2%
my
81.2%
my
81.2%
in
80.1%
hold
79.5%
hold
79.5%
hold
79.5%
hold
79.5%
didn't
79.4%
will
79.3%
know
79.3%
know
79.3%
know
79.3%
know
79.3%
know
79.3%
truth
79%
no
78.5%
us
78.5%
us,
78.5%
with
78.4%
little
78.4%
with
78.4%
with
78.4%
can.
78.2%
feel
78.1%
Tell
78%
cold
77.1%
cold
77.1%
cold
77.1%
used
76.8%
used
76.8%
Should
76.4%
Should
76.4%
should
76.4%
we
76.2%
heart
75.4%
heart
75.4%
But
75.3%
but
75.3%
I'm
75.2%
I'm
75.2%
scar
74.5%
what
74.4%
was
74.3%
here
73.4%
here
73.4%
hands,
73.1%
hands
73.1%
every
72.8%
out
72.8%
% Correct
out
72.8%
lip-sticks
72.5%
house
71.3%
freezing.
71.2%
just
70.5%
just
70.5%
wishing
70.4%
heating.
70.4%
Without
70.4%
gets
70%
Can't
69.8%
can't
69.8%
can't
69.8%
for
69.4%
sober.
69.1%
both
69.1%
there.
67.2%
There
67.2%
coke
66.5%
take
66.4%
Take
66.4%
got
65.8%
cut
65.6%
cut
65.6%
you'll
65.5%
friends?
65.3%
weekend,
65.1%
bottom
64.6%
beat
64%
Keep
63.8%
plans
63.6%
don't
62.9%
don't
62.9%
between
62.8%
people
62.8%
then?
62.5%
'cause
62.2%
leaving
62%
by
61.5%
by
61.5%
by
61.5%
evening.
61.3%
mouth
61.3%
other
60.6%
parts
59.5%
days
59.5%
rely
59.3%
heal
59.1%
heal
59.1%
that
59.1%
myself,
58.7%
myself,
58.7%
myself,
58.7%
myself.
58.7%
now
58.2%
name,
58%
band's
57.7%
breathing,
57.3%
fizzle
57.3%
watch
56.8%
anymore.
56.8%
words
56.6%
change,
56.4%
change.
56.4%
before
55.3%
open
55.2%
Open
55.2%
speak,
55%
back
54.8%
from
54.6%
sat
54.3%
hate:
53.8%
play's
53.8%
replace
53.4%
handshake.
53.4%
beer
53.2%
see
52.6%
things
52.5%
light
52%
phrases
51.4%
they
51.4%
champagne
51.1%
bottles
50.5%
flicker
50.3%
Flames
50.1%
sound
49%
create
48.3%
burns
48.3%
wide
47.2%
lean
46.8%
not
46.8%
as
41.4%
began
37.6%
who
37.2%
saying
37.1%
landscape.
36.9%
Though
35%
Clipper
33.3%
applaude
22.9%
Remove Ads.
Support Sporcle.
Get the best of Sporcle when you Go Orange. This ad-free experience offers more features, more stats, and more fun while also helping to support Sporcle. Thank you for becoming a member.

You're not logged in!

Compare scores with friends on all Sporcle quizzes.
OR
Log In

Show Comments

Extras

Top Quizzes Today


Score Distribution

Your Account Isn't Verified!

In order to create a playlist on Sporcle, you need to verify the email address you used during registration. Go to your Sporcle Settings to finish the process.

Report this User

Report this user for behavior that violates our Community Guidelines.

Details: